1040 1784 1730 1424 1425 1919 1523 1741 1013 1748 1558 1340 1888 1726 1313 1849 1595 1887 1304 1212 1521 1099 1078 1588 1631 1468 1111 1227 1167 1372 1198 1835 1853 1118 1032 1887 1461 1598 1827 1633 1522 1646 1910 1631 1827 1557 1223 1819 1113 1233 1268 1701 1107 1270 1485 1391 1003 1639 1911 1990 1273 1763 1939 1573 1519 1198 1928 1518 1197 1968 1691 1688 1396 1608 1597 1044 1143 1367 1389 1134 1746 1697 1232 1707 1003 1111 1033 1389 1126 1738 1594 1594 1590 1820 1900 1889 1288 1318 1801 BCNSPRNW ULIB Ver.6.0+V

เปลี่ยนเป็นภาษาไทย

Change to English
 แสดงรายละเอียดบรรณานุกรม
  กลับหน้าหลัก

Brief Record : Get Marc (ISO 2709) : E-mail record : QR code < ปิดหน้าต่าง
LEADER : 00000nam 2200000uu 4500
001    13399111094
003     ULIB
008    110616s||||||||th 000 0 tha d
020    9748591913
050  4 BF481^bอ346ก 2543
100 0  อรพรรณ พรสีมา
245 10 การคิด /^cอรพรรณ พรสีมา
260    กรุงเทพฯ :^bสถาบันพัฒนาทักษะการคิด,^c2543
300    69 หน้า :^bภาพประกอบ
504    บรรณานุกรม: หน้า 69
650  4 ความคิดและการคิด
710 2  มหาวิทยาลัยศรีนครินทรวิโรฒ.^bคณะศึกษาศาสตร์.^bภาควิชาเทคโนโลยีทางการศึกษา
945    ^p0^l0^i012548
945    ^p0^l0^i012549
945    ^p0^l0^i012547
995    ทศพร
999 ^a ใช้งานได้ทุกระบบ
รายการนี้ยังไม่มีแท็ก
คุณยังไม่ได้ล็อกอิน คุณสามารถมีกิจกรรมร่วมกับเว็บไซต์ได้ แต่ต้องล็อกอินก่อน ::
  ล็อกอิน

รายการสื่อสารสนเทศ

ลำดับที่ ประเภท เลขเรียก/บาร์โค้ด สถานที่ สถานะ
- ไม่พบข้อมูล -

รายการใกล้เคียง
    หัวเรื่อง [ความคิดและการคิด]

BibComment


ยังไม่เคยถูกคอมเมนท์

คอมเมนท์ทรัพยากรรายการนี้
  คอมเมนท์: การคิด อรพรรณ พร..


 Copyright 2026. Bcnsprnw @Library